=LDR 00000nam 2200000 4500 =001 INLIS000000000042062 =005 20130612151548 =008 ***********************************ind** =035 ##$$0010-061300000042062 =041 ##$$a ind =082 ##$$a 336. 26 =090 ##$$a 336. 26, Ind k =245 ##$$a Kepabeanan dan tindakan antidumping tindakan imbalan dan tindakan pengamanan perdagangan =260 ##$$a 2011 $b Bandung =300 ##$$a Vi,386 hlm, 21 cm =650 ##$$a BEA DAN CUKAI - UNDANG - UNDANG DAN PERATURAN =850 ##$$a NBPNMAT